00583nam a2200193Ia 4500008004100000020000700041082001500048100002000063245003000083250000700113260003800120300003400158500000700192600003300199650002400232942000700256952010900263999001700372240925s9999 xx 000 0 und d aNA a796.44 POR aPorritt, Arthur 0aMore and More of Memories aNA aLondon:bGeorge Allen & UnwincNA aVarious pagesbN.AfPhotocopy aNA aHumanities & Natural Science aArts and Recreation cBK 001040708HUMaUITUbUITUd2013-01-07eGiftl0o796.44 PORpQ9625r2024-09-25 07:15:23w2024-09-25yBK c12124d12124